000 01229cam a2200349 a 4500
001 15384409
003 OSt
005 20231109154832.0
008 061214s2004 su b 000 0ceng d
010 _a 2005461694
020 _a996095627X
035 _a(OCoLC)76970044
040 _aTEF
_cTEF
_dDLC
041 0 _aeng
_aara
042 _alccopycat
_alcode
050 0 0 _aBP70
_b.A84 2004
066 _c(3
082 _a297.648
_bASH/A
100 1 _aAsh-Shanawi, Abdul ʹAziz
_99883
245 1 0 _aAdvisors of the prophet /
_ccompiled by Abdul ʹAziz Ash-Shanawi ; edited by Abdul Ahad (Alig.).
246 1 5 _aMustashārūn ḥawla al-Rasūl
250 _a1st ed.
260 _aRiyadh ;
_aHouston :
_bDarussalam,
_c2004.
300 _a173 p. ;
_c23 p.
504 _aIncludes bibliographical references.
546 _aIn English, with some passages in Arabic.
600 0 0 _aMuḥammad,
_cProphet,
_d-632
_xCompanions
_vBiography.
700 1 _aAhad, Abdul,
_cAlig.
906 _a7
_bcbc
_ccopycat
_d3
_encip
_f20
_gy-gencatlg
942 _2ddc
_cBK
_h297.648
_iASH/A
_k297.648
_mASH/A
999 _c43012
_d43012